000 00767cam a2200217 a 4500
001 000014079
005 20200929163449.0
008 010419s2000 pe a f000 0 spa d
020 _a9972755495
040 _aDO-SdBNP
_bspa
_cDLC
_dBNPHU
082 _a328.85
_bC339c
100 1 _aCevasco Piedra, José,
_d1963-
_931879
245 1 3 _aEl Congreso del Perú :
_bun modelo de modernización /
_cJosé Cevasco Piedra.
260 _aLima, Perú :
_bCongreso del Perú,
_c2000.
300 _a141 p. :
_bil. ;
_c21 cm.
651 4 _aPerú
_xPoder Legislativo
_xGestión
_931880
651 4 _aPerú
_xParlamento
_xModernización
_931881
651 4 _aPerú
_xTecnología De La Información
_xProcesamiento De Datos
_931882
910 _aCatalogación por copia/LC
049 1 0 _aBNGR
999 _c13681
_d13681